| 000 | 00980nam a22002537a 4500 | ||
|---|---|---|---|
| 005 | 20170124102933.0 | ||
| 010 | _aB-104438 | ||
| 020 |
_c150.00 _a81862665929 |
||
| 035 | _aB-104438 | ||
| 037 | _bCen Lib/Ret | ||
| 040 |
_aDPL _bHN |
||
| 082 |
_a822 _bदुग्गल |
||
| 100 |
_aदुग्गल, करतार सिंह _97478 |
||
| 245 |
_aअमानत / _cकरतार सिंह दुग्गल |
||
| 246 |
_aAmanat / _bby Kartar Singh Duggal |
||
| 260 |
_aदिल्ली _bमनु प्रकाशन _c2003 |
||
| 270 |
_a1/६६७८, गली-3, पूर्वी रोहितास नगर _bदिल्ली _e110032 |
||
| 300 |
_a160पृ. _c17सेमी (सजिल्द) |
||
| 650 |
_aहिन्दी साहित्य _945740 |
||
| 650 |
_aनाटक _945741 |
||
| 650 |
_aHindi literature _945742 |
||
| 650 |
_aDrama _945743 |
||
| 942 |
_2ddc _cHN _h822 _mदुग्गल |
||
| 999 |
_c112070 _d112070 |
||